000 01274nam a2200217Ii 4500
003 JO-AjNU
008 230605s9999||||xx |||||||||||||| ||und||
040 _aJO-AjNU
_bara
_erda
_cJO-AjNU
041 _aara
050 1 4 _aDS79.76.B3938 2008
100 3 _a اصدار هيئة علماء المسلمين في العراق قسم الثقافة والاعلام؛ تقديم الفيضي، محمد بشار,
_eauthor
_956877
245 0 0 _aبيانات هيئة علماء المسلمين في العراق: حصاد الاحتلال الامريكي والهيمنة الإيرانية في العراق، الجزء الرابع
250 _aط1
264 3 1 _aبغداد: عمان: هيئة علماء المسلمين في العراق؛ دارالجيل العربي للطباعة والنشر والتوزيع، 2008
300 _aج4، 801-1063ص
_bيشتمل على كشافات
336 _atext
_btxt
_2rdacontent
337 _aunmediated
_bn
_2rdamedia
338 _avolume
_bnc
_2rdacarrier
490 0 _aاصدار، 23 ، اصدارات هيئة علماء المسلمين في العراق، 23
650 4 _aالعراق - تاريخ - الاحتلال الامريكي للعراق - 2003-2011 - العراق -سياسة وحكومة - 2003
_956878
999 _aA25455
_c29023
_d29023